000 00371nam a2200133Ia 4500
005 20260326235500.0
008 260326s9999||||xx |||||||||||||| ||und||
100 _aBoero, Gastón
245 0 _aArquitecturas sin titulo = Architecture with no title /
_cGastón Boero
260 _bComunidad del Sur
300 _a131 p.
650 _aARQUITECTURA RESIDENCIAL
942 _cBK
999 _c8062
_d8062